000 00454nam a2200157Ia 4500
003 Ost
005 20260507075658.0
008 260507s9999||||xx |||||||||||||| ||und||
040 _cfsecg
041 _aara
100 _aنعوش، صباح
_eمؤلف
245 0 _aالضرائب في الدول العربية /
_c صباح نعوش
260 _aالدار البيضاء:
_b[دون ناشر],
_c2000
300 _a335 صفحة؛
942 _cكتاب
999 _c45765
_d45765